| 000 | 00000nam##2200000za#4500 |
| 001 | 9.671676 |
| 003 | CaOODSP |
| 005 | 20250206125413 |
| 007 | co ||||||||||| |
| 008 | 150407|2009||||xxc |q d f### # fre|d |
| 020 | |a978-1-100-50330-1 |
| 040 | |aCaOODSP|bfre |
| 041 | |aeng |
| 041 | |afre |
| 043 | |an-cn--- |
| 086 | 1 |aA104-79/2009-MRC |
| 110 | 2 |aAgence canadienne d'inspection des aliments. |
| 245 | 10|aNorme nationale de biosécurité pour les fermes avicoles |h[ressource électronique] |
| 260 | |aOttawa - Ontario : |bAgence canadienne d'inspection des aliments |c[2009]. |
| 300 | |a1 disque. |
| 520 | 3 |aLa Norme nationale de biosécurité pour les fermes avicoles constitue le fondement d’un programme exhaustif volontaire qui vise à fournir des directives aux propriétaires ou aux gestionnaires de tous les secteurs de l’aviculture au Canada. Le présent document a été élaboré en tant qu’outil pour guider les personnes et les entreprises qui manipulent et élèvent des oiseaux domestiques, principalement les producteurs de volailles soumis ou non à la gestion de l’offre. |
| 590 | |a11-10|b2011-03-11 |
| 776 | 0#|tAnimal Biosecuty - National Avian On-Farm Biosecurity Standard |w(CaOODSP)9.671673 |
| 791 | |tNational Avian On-Farm Biosecurity Standard |eeng|w(CaOODSP)9.671675 |
| 986 | |aACIA P0677-09-10 |